Les noms de lieux : origine et évolution : villes et villages--pays--cours d'eau--montagnes--lieux-dits /

محفوظ في:

المؤلف الرئيسي: Dauzat, Albert, 1877-1955 (مؤلف)

التنسيق: كتاب

اللغة: French

منشور في: Paris : Delagrave, 1926.

سلاسل: Bibliothèque des chercheurs et des curieux.

الموضوعات:

الوسوم: إضافة وسم

لا توجد وسوم, كن أول من يضع وسما على هذه التسجيلة!

رقم الطلب: DC14 .D3 1926

LEADER 00837nam a2200253I 4500
001 9664
003 OSt
005 20251210110445.0
008 130303s1926 fr ab b 000 0 fre d
010 |a 26021716 
040 |c ARCE Library 
043 |a e-fr--- 
050 4 |a DC14 .D3 1926 
100 1 |a Dauzat, Albert,  |d 1877-1955,  |e author  |9 28669 
245 1 4 |a Les noms de lieux :   |b origine et évolution : villes et villages--pays--cours d'eau--montagnes--lieux-dits /   |c Albert Dauzat. 
264 1 |a Paris :  |b Delagrave,  |c 1926. 
300 |a viii, 264 pages :  |b illus. (maps) ;   |c 19 cm. 
490 0 |a Bibliothèque des chercheurs et des curieux. 
504 |a Bibliographie : pages [227]-231. 
650 0 |a Names, Geographical  |z France. 
650 0 |a French language  |x Etymology  |x Names. 
901 |a reviewed 
942 |c BK  |2 lcc 
999 |c 11994  |d 11994